| 000 | 01147nas a2200349 4500 | ||
|---|---|---|---|
| 001 | BR0804489 | ||
| 003 | BR-BrBNA | ||
| 005 | 20231205112348.0 | ||
| 007 | ta | ||
| 008 | 230509b bl.|||p| |||| 00| 00por d | ||
| 040 |
_aBR-BrBNA _bpor _cBiblioteca Nacional de Agricultura |
||
| 041 | _a(Pt) | ||
| 072 | _aL02; L51; L01 | ||
| 100 | 1 | _aRodrigues, C.A.F. | |
| 100 | 1 | _aRodrigues, M.T. | |
| 100 | 1 | _aBranco, R.H. | |
| 100 | 1 | _aSilva, M.M.C. da | |
| 100 | 1 | _aTorres Filho, R. de A.T. | |
| 100 | 1 | _aQueiroz, A.C. de | |
| 245 | 1 | _aConsumo, digestibilidade e produção de leite de cabras leiteiras alimentadas com dietas contendo diferentes níveis de proteína bruta e energia líquida | |
| 650 | _aCABRA LEITEIRA | ||
| 650 | _aDIETA | ||
| 650 | _aPROTEÍNA BRUTA | ||
| 650 | _aCONSUMO | ||
| 650 | _aDIGESTIBILIDADE | ||
| 650 | _aPRODUÇÃO LEITEIRA | ||
| 650 | _aCOMPOSIÇÃO DE ALIMENTO | ||
| 650 | _aBIOQUÍMICA ANIMAL | ||
| 773 | 0 |
_tRevista Brasileira de Zootecnia (Brazil) _xISSN 1516-3598 _g(Sep-Oct 2007), v. 36(5)suplemento p. 1658-1665 _wBR0804489 |
|
| 909 |
_a202311 _bLúcia _c55 _dLúcia Elande |
||
| 942 |
_2AGRIS _n0 _cANA |
||
| 999 |
_c197636 _d197636 |
||